| 000 | 00461pab a2200169 454500 | ||
|---|---|---|---|
| 008 | 180718b2000 xxu||||| |||| 00| 0 eng d | ||
| 100 | _aAlagh, Yoginder K. | ||
| 245 | _aAgriculture and economic growth - subsidies and trade policies | ||
| 260 | _c2000 | ||
| 300 | _ap.247-50 | ||
| 362 | _aAug | ||
| 650 | _aEconomic growth - India | ||
| 650 | _aAgriculture - India | ||
| 650 | _aAgriculture | ||
| 773 | _aAgricultural Situation in India | ||
| 909 | _a47339 | ||
| 999 |
_c47339 _d47339 |
||